00329 a2200121 450000500170000000800410001702000180005810000290007624500480010525000120015326000340016530000080019920240830101759.0240830b |||||||| |||| 00| 0 eng d a9781352008265 aCetindamar D.aRobert P. aTechnology ManagementbActivities and Tools a2nd ed. bMacmillan Internationalc2016 a236